Church planting for reproduction / (Record no. 9995)

MARC details
000 -LEADER
fixed length control field 01052pam a2200277 a 4500
001 - CONTROL NUMBER
control field 1999016
003 - CONTROL NUMBER IDENTIFIER
control field GBCCL
005 - DATE AND TIME OF LATEST TRANSACTION
control field 20241126110723.0
008 - FIXED-LENGTH DATA ELEMENTS--GENERAL INFORMATION
fixed length control field 900716s1991 miua b 001 0 eng
010 ## -
-- 90044359
020 ## - INTERNATIONAL STANDARD BOOK NUMBER
International Standard Book Number 0801035589
040 ## - CATALOGING SOURCE
Original cataloging agency DLC
Transcribing agency DLC
Modifying agency DLC
050 00 -
-- BV652.24
-- .F35 1991
082 00 - DEWEY DECIMAL CLASSIFICATION NUMBER
Classification number 254.1
Edition information 20
Item number FAI
100 1# - MAIN ENTRY--PERSONAL NAME
Personal name Faircloth, Samuel D.
9 (RLIN) 17386
245 10 - TITLE STATEMENT
Title Church planting for reproduction /
Statement of responsibility, etc. Samuel D. Faircloth ; foreword by Arthur P. Johnston.
260 ## - PUBLICATION, DISTRIBUTION, ETC.
Place of publication, distribution, etc. Grand Rapids, Mich. :
Name of publisher, distributor, etc. Baker Book House,
Date of publication, distribution, etc. c1991.
300 ## - PHYSICAL DESCRIPTION
Extent 206 p. :
Other physical details ill. ;
Dimensions 23 cm.
500 ## - GENERAL NOTE
General note "How to plant a church capable of reproducing itself" (1 folded leaf) inserted in pocket at back of book.
504 ## - BIBLIOGRAPHY, ETC. NOTE
Bibliography, etc. note Includes bibliographical references (p. 195-200) and index.
650 #0 - SUBJECT ADDED ENTRY--TOPICAL TERM
Topical term or geographic name entry element Church development, New.
9 (RLIN) 42
650 #0 - SUBJECT ADDED ENTRY--TOPICAL TERM
Topical term or geographic name entry element Church growth.
9 (RLIN) 291
906 ## - LOCAL DATA ELEMENT F, LDF (RLIN)
a 7
b cbc
c orignew
d 1
e ocip
f 19
g y-gencatlg
942 ## - ADDED ENTRY ELEMENTS (KOHA)
Source of classification or shelving scheme Dewey Decimal Classification
Koha item type Books
Koha issues (borrowed), all copies 4
Holdings
Withdrawn status Lost status Source of classification or shelving scheme Damaged status Not for loan Home library Current Library Shelving location Date acquired Total checkouts Total renewals Full call number Barcode Date last seen Date last checked out Copy number Price effective from Koha item type
    Dewey Decimal Classification     GRACE BIBLE COLLEGE GRACE BIBLE COLLEGE Ministry & Mission 2023-12-12 6 5 254.1 FAI 020678 2026-04-08 2025-10-16 c.1 2023-12-12 Books
© Grace Bible College Library 2025